Magnificent plants

Bibliographic Details
Main Author: YONG
Format: Book
Published: Kuala Lumpur : Tropical Press , 1990 (1981)
Subjects:

MARC

LEADER 00000cam a2200000 7i4500
001 0000001185
005 20140118.0
020 0 0 |a 9677300563 
090 0 0 |a 581.9595   |b YON 1990 
100 1 0 |a YONG   |h Hoi-Sen 
245 1 0 |a Magnificent plants   |c Yong Hoi-Sen 
260 0 0 |a Kuala Lumpur :   |b Tropical Press ,   |c 1990 (1981) 
300 |a vii, 252 p. :   |b col. ill. ;   |c 29 cm. 
500 0 0 |a Bibliography : [p. 252] and index 
650 0 0 |a Botany   |z Malaysia   |x Nomenclature 
650 0 0 |a Flowers   |z Malaysia 
650 0 0 |a Fruit   |z Malaysia 
650 0 0 |a Plants 
998 |a JPSM 
999 |a 0000002063   |b Monograph   |c Open Shelf   |e Default branch 
999 |a 0000002064   |b Monograph   |c Open Shelf   |e Default branch 
999 |a 0000006839   |b Monograph   |c Open Shelf   |e Default branch